000 01231naa a22003017a 4500
001 BR9301686
003 BR-BrBNA
005 20240918181020.0
007 ta
008 230509b bl.||||| |||| 00| 0 por d
040 _aBR-BrBNA
_bpor
_cBiblioteca Nacional de Agricultura
041 _a(Pt)
072 _aE16; E70
_b1300
090 _aE16 BR9301686
100 1 _aCobbe, R.V.
100 1 _aJabuonski, R.E.
111 1 _aSimposio sobre Nutricao e Adubacao de Hortalicas
_cJaboticabal, SP (Brazil)
_d22-25 Oct 1990
245 1 _aA importancia economica e social das plantas olericolas
260 3 _aPiracicaba, SP (Brasil):
_c1993.
500 _aFerreira, M.E.; Castellane, P.D.; Cruz, M.C.P.da(eds.) Nutricao e adubacao de hortalicas Piracicaba, SP (Brasil): 1993. p. 1-14 (BR9301686-AM)E16
650 _aHortalica
650 _aEstatistica de Producao
650 _aExportacao
650 _aImportacao
773 0 _tNutricao e adubacao de hortalicas
_aFerreira, M.E.; Castellane, P.D.; Cruz, M.C.P.da(eds.). Associacao Brasileira para Pesquisa da Potassa e do Fosfato, Piracicaba, SP (Brasil)
_wE16 BR9301686
_gPiracicaba, SP (Brasil), 1993. p. 1-14
909 _a202404
_bLucia
_c55
_dLucia Elande
942 _cAM
_2AGRIS
999 _c323208
_d323208